000 00300nam a22001337a 4500
008 171107b xxu||||| |||| 00| 0 eng d
020 _a0866412123
041 _aeng
080 _a330.722.6
100 _a62
101 _aKON
245 _aRELEVANCE REDISCOVERED
_cVANGERMEERSCH,R
942 _2udc
_cBK
999 _c38080
_d38080